000 00637nam a2200241Ia 4500
003 OSt
005 20220924122552.0
006 a|||||r|||| 00| 0
007 ta
008 220923b |||||||| |||| 00| 0 urd d
024 _a321690
037 _cTextual
040 _aARTS
_cARTS
_burd
041 _2urd
_aurd
082 _aQ7:332, 168G4
100 _aTulsi Ram Au.
_9189960
245 0 _aBhagat maal Urdu
260 _aLuckhnow
_bNaval Kishore press India
_c1934
300 _a504p.
_ccm.
650 _aSAINTS
_9176277
942 _hQ7:332, 168G4
_cTEXL
_2CC
999 _c412188
_d412188